[Event "Bad Woerishofen Sen"]
[Site "Bad Woerishofen"]
[Date "2001.??.??"]
[Round "1"]
[White "Panic, Milisav"]
[Black "Potthammel, Joerg"]
[Result "1-0"]
[WhiteElo "1700"]
[BlackElo "2094"]
[Annotator "ChessOrg"]
[PlyCount "57"]
[EventDate "1998.03.05"]
[Source "ChessBase"]
[SourceDate "1998.04.29"]

1. Nf3 Nf6 2. c4 g6 3. Nc3 Bg7 4. g3 c5 5. d4 cxd4 6. Nxd4 Nc6 7. Bg2 O-O 8.
O-O a6 9. e3 e6 10. b3 Nxd4 11. exd4 d5 12. Bg5 Qa5 13. Qd2 dxc4 14. bxc4 Qc7
15. Rac1 Rd8 16. Rfd1 Ra7 17. Ne4 Ne8 18. Bxd8 Qxd8 19. Qe3 b6 20. d5 e5 21.
Rb1 f5 22. Nd2 Rf7 23. Qxb6 Qg5 24. Nf3 Qh5 25. Qd8 Bd7 26. Qg5 h6 27. Qxh5
gxh5 28. c5 Ba4 29. Rd2 1-0

[Event "Bad Woerishofen Sen"]
[Site "Bad Woerishofen"]
[Date "2001.??.??"]
[Round "3"]
[White "Panic, Milisav"]
[Black "Weigel, Herbert"]
[Result "1/2-1/2"]
[WhiteElo "1700"]
[BlackElo "2153"]
[Annotator "ChessOrg"]
[PlyCount "30"]
[EventDate "1998.03.05"]
[Source "ChessBase"]
[SourceDate "1998.04.29"]

1. Nf3 d6 2. d4 g6 3. c4 Bg7 4. Nc3 c6 5. e4 Nf6 6. g3 O-O 7. Bg2 Qc7 8. O-O
Bg4 9. Be3 Nbd7 10. Qc2 Bxf3 11. Bxf3 e5 12. d5 cxd5 13. cxd5 a6 14. Rac1 Rfc8
15. Qb3 Qb8 1/2-1/2

[Event "Bad Woerishofen Sen"]
[Site "Bad Woerishofen"]
[Date "2001.??.??"]
[Round "4"]
[White "Panic, Milisav"]
[Black "Wild, Gerhard"]
[Result "1-0"]
[WhiteElo "1700"]
[BlackElo "1996"]
[Annotator "ChessOrg"]
[PlyCount "67"]
[EventDate "1998.03.05"]
[Source "ChessBase"]
[SourceDate "1998.04.29"]

1. Nf3 d5 2. c4 e6 3. d4 Nf6 4. Nc3 c6 5. Bg5 Be7 6. e3 O-O 7. Bd3 Nbd7 8. O-O
Re8 9. Qc2 Nf8 10. Ne5 dxc4 11. Bxc4 Nd5 12. Bxe7 Qxe7 13. e4 Nb6 14. Bb3 Nbd7
15. Nc4 Nb6 16. Ne3 Rd8 17. Rad1 Bd7 18. f4 Rac8 19. Qe2 Kh8 20. Qh5 Be8 21.
Qh3 Bd7 22. g4 f6 23. Qh4 Ng6 24. Qg3 Nf8 25. Rfe1 Qb4 26. f5 exf5 27. exf5 Be8
28. Ne4 Nd5 29. Nc4 Nb6 30. Ncd6 Ra8 31. a3 Qa5 32. Nxb7 Qa6 33. Nxd8 Rxd8 34.
Nd6 1-0

[Event "Bad Woerishofen Sen"]
[Site "Bad Woerishofen"]
[Date "2001.??.??"]
[Round "6"]
[White "Panic, Milisav"]
[Black "Villing, Dieter"]
[Result "1/2-1/2"]
[WhiteElo "1700"]
[BlackElo "2241"]
[Annotator "ChessOrg"]
[PlyCount "118"]
[EventDate "1998.03.05"]
[Source "ChessBase"]
[SourceDate "1998.04.29"]

1. Nf3 Nf6 2. c4 d6 3. Nc3 e5 4. d3 c6 5. g3 Be7 6. Bg2 Nbd7 7. O-O O-O 8. e4
Re8 9. Rb1 Nf8 10. b4 Bg4 11. Be3 Ne6 12. Ne2 a5 13. a3 axb4 14. axb4 Qc7 15.
Qb3 b5 16. cxb5 cxb5 17. Ra1 Rec8 18. Rxa8 Rxa8 19. Rc1 Qb7 20. h3 Bh5 21. g4
Bg6 22. Ng3 Qa6 23. Nf5 Bf8 24. Ng5 Qa4 25. Qc3 h6 26. Nf3 Qa3 27. Qc6 Ra4 28.
Nxd6 Qxd3 29. Nf5 Qxe4 30. Qxe4 Nxe4 31. Nxe5 Rxb4 32. Rc8 Rb1+ 33. Kh2 Nf6 34.
Rb8 Kh7 35. Rb7 Nd8 36. Rb6 Ba3 37. Bf3 b4 38. Bc5 Bb2 39. Nd3 Bc3 40. Bxb4 Ne6
41. Ba5 Rxb6 42. Bxb6 Nd7 43. Be3 Ne5 44. Nxe5 Bxe5+ 45. Ng3 Nd4 46. Bd5 Ne2
47. Kg2 Nxg3 48. fxg3 f6 49. h4 Bc2 50. Bf4 Bd1 51. Bf3 Bc2 52. Kf2 Kg8 53. Ke3
g5 54. Bxe5 fxe5 55. hxg5 hxg5 56. Be4 Bd1 57. Bf5 Kf7 58. Kd2 Bb3 59. Be4 Be6
1/2-1/2

[Event "Bad Woerishofen Sen"]
[Site "Bad Woerishofen"]
[Date "2001.??.??"]
[Round "9"]
[White "Panic, Milisav"]
[Black "Hemmers, Johann"]
[Result "1-0"]
[WhiteElo "1700"]
[BlackElo "1880"]
[Annotator "ChessOrg"]
[PlyCount "111"]
[EventDate "1998.03.05"]
[Source "ChessBase"]
[SourceDate "1998.04.29"]

1. Nf3 Nf6 2. c4 e6 3. g3 d5 4. Bg2 Be7 5. O-O O-O 6. Qc2 c5 7. d4 b6 8. dxc5
bxc5 9. Bg5 Bb7 10. Rd1 Nbd7 11. e3 Qb6 12. Nc3 h6 13. Bxf6 Nxf6 14. cxd5 exd5
15. Nh4 Rfd8 16. Nf5 Bf8 17. Rd2 g6 18. Nh4 Ne4 19. Nxd5 Rxd5 20. Rxd5 Bxd5 21.
Bxe4 Bxe4 22. Qxe4 Qxb2 23. Rd1 Rb8 24. Qd5 Qf6 25. Rd2 Be7 26. Qe4 Qc3 27. Rd1
Qf6 28. Rd7 Qa1+ 29. Kg2 Bxh4 30. Qf4 Rf8 31. Qxh4 Qxa2 32. Qe7 Qa4 33. Rxa7
Qc6+ 34. e4 c4 35. Rc7 Qb5 36. Qc5 Qb1 37. Qxc4 Qe1 38. h4 h5 39. Qd5 Qe2 40.
Qc4 Qd2 41. Qd5 Qe2 42. Re7 Qg4 43. e5 Qf5 44. Qf3 Qc2 45. Qf6 Qe4+ 46. Kh2 Qd4
47. Kg2 Qe4+ 48. Qf3 Qb4 49. Qb7 Qd4 50. Qb3 Qc5 51. Qb7 Qd4 52. Qc6 Qb2 53. e6
fxe6 54. Qxe6+ Kh8 55. Qe3 Qf6 56. Qh6+ 1-0

[Event "Bad Woerishofen Sen"]
[Site "Bad Woerishofen"]
[Date "2001.??.??"]
[Round "2"]
[White "Perk, Egbert"]
[Black "Rogala, Jan"]
[Result "1-0"]
[WhiteElo "2071"]
[BlackElo "1800"]
[Annotator "ChessOrg"]
[PlyCount "97"]
[EventDate "1998.03.05"]
[Source "ChessBase"]
[SourceDate "1998.04.29"]

1. d4 d5 2. c4 e6 3. Nc3 c6 4. e3 Nf6 5. Bd3 Be7 6. Nf3 O-O 7. O-O Nbd7 8. e4
dxe4 9. Nxe4 Nxe4 10. Bxe4 Nf6 11. Bc2 Qc7 12. h3 h6 13. Qe2 Rd8 14. Be3 b6 15.
Rfd1 Bb7 16. Ne5 c5 17. Ng4 Nxg4 18. Qxg4 Kh8 19. Qh5 f5 20. Bxh6 g6 21. Bf4+
gxh5 22. Bxc7 Rg8 23. Be5+ Kh7 24. d5 Rg6 25. Rd2 Rag8 26. f4 Kh6 27. Re1 b5
28. b3 b4 29. Ree2 Bf6 30. Bxf6 Rxf6 31. dxe6 Re8 32. e7 Rf7 33. Re5 Rfxe7 34.
Rxe7 Rxe7 35. Bxf5 Rf7 36. g4 Re7 37. Kf2 hxg4 38. hxg4 a5 39. Rd7 Rxd7 40.
Bxd7 Be4 41. Bf5 Bc6 42. Ke3 Bb7 43. g5+ Kg7 44. Be4 Bc8 45. f5 Bd7 46. Kf4 a4
47. Ke5 axb3 48. axb3 Be8 49. Kd6 1-0

[Event "Bad Woerishofen Sen"]
[Site "Bad Woerishofen"]
[Date "2001.??.??"]
[Round "4"]
[White "Perk, Egbert"]
[Black "Josting, Friedel"]
[Result "1-0"]
[WhiteElo "2071"]
[BlackElo "1820"]
[Annotator "ChessOrg"]
[PlyCount "89"]
[EventDate "1998.03.05"]
[Source "ChessBase"]
[SourceDate "1998.04.29"]

1. d4 Nf6 2. c4 e6 3. Nf3 c5 4. e3 b6 5. Nc3 Bb7 6. Be2 Be7 7. O-O O-O 8. d5
exd5 9. cxd5 d6 10. e4 Ba6 11. Bxa6 Nxa6 12. Qe2 Nc7 13. a4 Re8 14. h3 Bf8 15.
Qd3 h6 16. Bf4 Nd7 17. Rfe1 Ne5 18. Nxe5 dxe5 19. Bg3 g5 20. Red1 Bd6 21. Rd2
Qd7 22. b3 Rf8 23. f3 Rab8 24. Bf2 Kh8 25. Nd1 f5 26. Ne3 f4 27. Nf5 Kh7 28.
Rc2 Ne8 29. Qb5 Rd8 30. b4 cxb4 31. Rc6 Rf6 32. Rac1 Kg6 33. Nxd6 Nxd6 34. Qxb4
Ne8 35. Rxf6+ Nxf6 36. Rc6 Qf7 37. Qc4 Rd7 38. Be1 Kh7 39. Bc3 Qe7 40. Bb4 Qf7
41. Bd6 Qe8 42. Qc3 Qf7 43. Qxe5 Ne8 44. Bb4 Nc7 45. Bc3 1-0

[Event "Bad Woerishofen Sen"]
[Site "Bad Woerishofen"]
[Date "2001.??.??"]
[Round "7"]
[White "Perk, Egbert"]
[Black "Bakalarczyk, Wiodzimien"]
[Result "1-0"]
[WhiteElo "2071"]
[BlackElo "2000"]
[Annotator "ChessOrg"]
[PlyCount "89"]
[EventDate "1998.03.05"]
[Source "ChessBase"]
[SourceDate "1998.04.29"]

1. d4 Nf6 2. c4 g6 3. Nc3 Bg7 4. e4 d6 5. Be2 O-O 6. Bg5 Na6 7. Nf3 c6 8. Qd2
Re8 9. e5 dxe5 10. Nxe5 Nd7 11. Nf3 f6 12. Bh6 Bxh6 13. Qxh6 e5 14. O-O-O e4
15. Nh4 Nf8 16. g4 Qc7 17. Kb1 Nb8 18. Qe3 Qe7 19. Ng2 a6 20. h4 b5 21. Nf4 Bb7
22. c5 a5 23. d5 b4 24. d6 Qe5 25. Bc4+ Kh8 26. Na4 Nbd7 27. Rdg1 Kg7 28. h5
Ba6 29. Bxa6 Rxa6 30. hxg6 hxg6 31. g5 f5 32. Rh6 Rb8 33. Rgh1 Rb5 34. Nxg6 f4
35. Nxf4 Nxc5 36. Nxc5 Rxc5 37. Nh5+ Kf7 38. Rg1 Ne6 39. Rh7+ Kf8 40. g6 Rd5
41. Rf7+ Ke8 42. Nf6+ Kd8 43. Qh6 Kc8 44. Qh8+ Nd8 45. Rc7+ 1-0

[Event "Bad Woerishofen Sen"]
[Site "Bad Woerishofen"]
[Date "2001.??.??"]
[Round "8"]
[White "Perk, Egbert"]
[Black "Keserovic, Milan"]
[Result "0-1"]
[WhiteElo "2071"]
[BlackElo "2204"]
[Annotator "ChessOrg"]
[PlyCount "96"]
[EventDate "1998.03.05"]
[Source "ChessBase"]
[SourceDate "1998.04.29"]

1. d4 Nf6 2. c4 c5 3. dxc5 g6 4. Nc3 Bg7 5. Nf3 Qa5 6. Bd2 Qxc5 7. e3 d6 8. b4
Qb6 9. Bd3 Nc6 10. Na4 Qc7 11. Rc1 Bg4 12. Bc3 O-O 13. h3 Bxf3 14. Qxf3 Nd7 15.
Bxg7 Kxg7 16. a3 Nce5 17. Qe2 Qc6 18. Nb2 Qxg2 19. Qf1 Nxd3+ 20. Nxd3 Qe4 21.
Rg1 Ne5 22. Nxe5 Qxe5 23. Qe2 a5 24. b5 Rfc8 25. f4 Qe4 26. Kf2 Rc5 27. Qb2+ f6
28. Qd4 Qe6 29. Rg5 Rac8 30. Rxc5 Rxc5 31. Kg3 Rh5 32. h4 Rc5 33. a4 h5 34. Kf2
b6 35. Rc3 Kf7 36. e4 Qg4 37. Qe3 Qxh4+ 38. Ke2 Qh2+ 39. Kd1 Qa2 40. f5 Qxa4+
41. Kd2 gxf5 42. Qh6 fxe4 43. Qh7+ Ke8 44. Qxe4 Rg5 45. Re3 Qb4+ 46. Rc3 d5 47.
Qe3 Rg2+ 48. Kd1 Qa4+ 0-1

[Event "Bad Woerishofen Sen"]
[Site "Bad Woerishofen"]
[Date "2001.??.??"]
[Round "2"]
[White "Peters, Paul"]
[Black "Schafroth, Georg"]
[Result "1-0"]
[WhiteElo "1950"]
[BlackElo "1700"]
[Annotator "ChessOrg"]
[PlyCount "91"]
[EventDate "1998.03.05"]
[Source "ChessBase"]
[SourceDate "1998.04.29"]

1. e4 e5 2. Nf3 Nf6 3. Nc3 Nc6 4. d4 d6 5. dxe5 Nxe5 6. Nxe5 dxe5 7. Qxd8+ Kxd8
8. Bc4 Ke8 9. Bg5 c6 10. Rd1 b5 11. Bb3 b4 12. Na4 Ba6 13. f3 Nd7 14. Bxf7+
Kxf7 15. Rxd7+ Ke8 16. Rd1 h6 17. Be3 Bb5 18. Nc5 Kf7 19. Kf2 Be7 20. Rd7 Rhe8
21. Rhd1 Bc4 22. b3 Be6 23. Nxe6 Kxe6 24. Rc7 Rec8 25. Rdd7 Rxc7 26. Rxc7 c5
27. Bxc5 Bxc5+ 28. Rxc5 Kd6 29. Rd5+ Ke6 30. Ke2 Rc8 31. Kd2 a6 32. Rd3 a5 33.
c4 bxc3+ 34. Rxc3 Rd8+ 35. Kc2 Ra8 36. Rc6+ Kd7 37. Rg6 Rc8+ 38. Kb2 Rd8 39.
Rxg7+ Kc8 40. Kc3 Kb8 41. Kc4 Rd2 42. a4 Rd4+ 43. Kb5 Rb4+ 44. Kxa5 Rxb3 45.
Rg6 Rb2 46. Rb6+ 1-0

[Event "Bad Woerishofen Sen"]
[Site "Bad Woerishofen"]
[Date "2001.??.??"]
[Round "4"]
[White "Peters, Paul"]
[Black "Manfeldt, Alfred"]
[Result "1-0"]
[WhiteElo "1950"]
[BlackElo "1730"]
[Annotator "ChessOrg"]
[PlyCount "120"]
[EventDate "1998.03.05"]
[Source "ChessBase"]
[SourceDate "1998.04.29"]

1. e4 e6 2. Nf3 b6 3. d4 Bb7 4. Bd3 d6 5. O-O Nd7 6. Re1 Be7 7. Bf4 Ngf6 8. h3
O-O 9. Nbd2 Re8 10. c4 e5 11. Be3 c5 12. d5 Nf8 13. Nf1 Bc8 14. Ng3 Ng6 15. Bc2
Bf8 16. Ba4 Bd7 17. Bxd7 Qxd7 18. Bg5 Be7 19. Nf5 Bd8 20. Ng3 h6 21. Be3 Nf4
22. Qd2 N6h5 23. Kh2 Nxg3 24. fxg3 Ng6 25. Rf1 Be7 26. Qe2 Rf8 27. Nd2 Qd8 28.
Rf5 Bf6 29. Raf1 Bg5 30. Bxg5 hxg5 31. Qh5 Nh8 32. Rxg5 f6 33. Rg4 Qe8 34. Qf5
Qc8 35. Rh4 g6 36. Rxh8+ Kxh8 37. Qxg6 Qc7 38. Rf5 Qg7 39. Rh5+ Kg8 40. Qf5
Rae8 41. Nf3 Re7 42. Nh4 Rfe8 43. Ng6 Rc7 44. Rh8+ Kf7 45. Rxe8 Kxe8 46. Qe6+
Kd8 47. Qxd6+ Kc8 48. Qe6+ Kb7 49. Nh4 Qe7 50. Qg8 Qg7 51. Qd8 Rd7 52. Nf5
Qxg3+ 53. Kxg3 Rxd8 54. Kg4 Rg8+ 55. Kf3 a6 56. g4 b5 57. b3 bxc4 58. bxc4 Kc7
59. h4 Rb8 60. h5 a5 1-0

[Event "Bad Woerishofen Sen"]
[Site "Bad Woerishofen"]
[Date "2001.??.??"]
[Round "6"]
[White "Peters, Paul"]
[Black "Geissler, Dieter"]
[Result "1/2-1/2"]
[WhiteElo "1950"]
[BlackElo "2070"]
[Annotator "ChessOrg"]
[PlyCount "68"]
[EventDate "1998.03.05"]
[Source "ChessBase"]
[SourceDate "1998.04.29"]

1. e4 e5 2. Nf3 Nc6 3. Nc3 d6 4. h3 Nf6 5. d4 exd4 6. Nxd4 Be7 7. Bb5 Bd7 8.
O-O O-O 9. Nxc6 bxc6 10. Bd3 Kh8 11. f4 Qc8 12. Qf3 Re8 13. e5 dxe5 14. fxe5
Bc5+ 15. Be3 Rxe5 16. Bxc5 Rxc5 17. Qe3 Qf8 18. Ne4 Nxe4 19. Qxe4 Rh5 20. Qf3
Qc5+ 21. Rf2 Be6 22. Raf1 Rh6 23. Qf4 Qb6 24. b3 Rd8 25. Kh2 Rd4 26. Qg5 c5 27.
Qe7 Qd6+ 28. Qxd6 cxd6 29. Rf4 Rxf4 30. Rxf4 Kg8 31. Ra4 g5 32. Kg1 d5 33. c4
dxc4 34. Bxc4 Bxc4 1/2-1/2

[Event "Bad Woerishofen Sen"]
[Site "Bad Woerishofen"]
[Date "2001.??.??"]
[Round "8"]
[White "Peters, Paul"]
[Black "Panic, Milisav"]
[Result "1/2-1/2"]
[WhiteElo "1950"]
[BlackElo "1700"]
[Annotator "ChessOrg"]
[PlyCount "114"]
[EventDate "1998.03.05"]
[Source "ChessBase"]
[SourceDate "1998.04.29"]

1. e4 c5 2. Nf3 d6 3. b3 Nf6 4. Nc3 Nc6 5. Bb2 e6 6. d4 cxd4 7. Nxd4 Bd7 8.
Nxc6 Bxc6 9. Bd3 Be7 10. O-O O-O 11. Qe2 Qc7 12. Nb5 Qb8 13. Nd4 d5 14. Nxc6
bxc6 15. exd5 cxd5 16. Be5 Qb6 17. Kh1 Nd7 18. f4 Bf6 19. Rf3 g6 20. Raf1 Bxe5
21. fxe5 Nc5 22. Rh3 Nxd3 23. Qxd3 Rac8 24. Qd2 Qc7 25. Qh6 f5 26. exf6 Rf7 27.
Qe3 Qd6 28. c3 e5 29. Rhf3 Rd8 30. Qg5 Kh8 31. h4 d4 32. cxd4 exd4 33. h5 Rg8
34. Rg3 d3 35. Qf4 Qd8 36. hxg6 Rxg6 37. Rxg6 hxg6 38. Qd2 Qd4 39. Rf2 Qa1+ 40.
Kh2 Qd4 41. g3 Qe4 42. Rg2 Qd4 43. Rf2 Rh7+ 44. Kg2 Kg8 45. Qf4 Qxf4 46. Rxf4
Rd7 47. Rf1 d2 48. Rd1 Kf7 49. Kf2 Kxf6 50. Ke2 Kf5 51. Rxd2 Rxd2+ 52. Kxd2 Kg4
53. b4 Kxg3 54. b5 Kf4 55. a4 Ke5 56. a5 Kd6 57. Ke3 Kc5 1/2-1/2

[Event "Bad Woerishofen Sen"]
[Site "Bad Woerishofen"]
[Date "2001.??.??"]
[Round "1"]
[White "Philipp, Guenther"]
[Black "Delander, Adolf"]
[Result "1/2-1/2"]
[WhiteElo "1752"]
[BlackElo "2266"]
[Annotator "ChessOrg"]
[PlyCount "40"]
[EventDate "1998.03.05"]
[Source "ChessBase"]
[SourceDate "1998.04.29"]

1. d4 d5 2. Nf3 Nf6 3. Bg5 Nbd7 4. e3 e6 5. Nbd2 c5 6. c3 Be7 7. Bd3 O-O 8. O-O
b6 9. Qb1 h6 10. Bh4 Bb7 11. b4 c4 12. Bc2 Re8 13. Ne5 b5 14. f4 Nf8 15. Bxf6
Bxf6 16. Qd1 g6 17. Qg4 Bg7 18. Nef3 Re7 19. h4 f5 20. Qh3 h5 1/2-1/2

[Event "Bad Woerishofen Sen"]
[Site "Bad Woerishofen"]
[Date "2001.??.??"]
[Round "3"]
[White "Philipp, Guenther"]
[Black "Tochtermann, Georg"]
[Result "1/2-1/2"]
[WhiteElo "1752"]
[BlackElo "2020"]
[Annotator "ChessOrg"]
[PlyCount "30"]
[EventDate "1998.03.05"]
[Source "ChessBase"]
[SourceDate "1998.04.29"]

1. d4 Nf6 2. Nf3 e6 3. Bg5 d5 4. e3 Be7 5. Nbd2 c5 6. c3 Qb6 7. Qb3 Qxb3 8.
axb3 Nbd7 9. Bb5 cxd4 10. exd4 a6 11. Ne5 Rb8 12. Nxd7 Bxd7 13. Bxd7+ Nxd7 14.
Bf4 Rc8 15. O-O g5 1/2-1/2

[Event "Bad Woerishofen Sen"]
[Site "Bad Woerishofen"]
[Date "2001.??.??"]
[Round "5"]
[White "Philipp, Guenther"]
[Black "Potthammel, Joerg"]
[Result "0-1"]
[WhiteElo "2071"]
[BlackElo "1820"]
[Annotator "ChessOrg"]
[PlyCount "110"]
[EventDate "1998.03.05"]
[Source "ChessBase"]
[SourceDate "1998.04.29"]

1. d4 g6 2. Nf3 Bg7 3. c3 Nf6 4. Bg5 d5 5. Nbd2 O-O 6. e3 b6 7. Be2 Bb7 8. O-O
Nbd7 9. h3 Ne4 10. Bf4 c5 11. a4 a6 12. Qc2 Rc8 13. Bd3 Nxd2 14. Qxd2 Re8 15.
Qe2 c4 16. Bc2 f6 17. Bg3 e5 18. dxe5 fxe5 19. Rfd1 e4 20. Nd2 Qe7 21. Re1 Nc5
22. f3 Nd3 23. Bxd3 cxd3 24. Qd1 Qc5 25. Qb3 Kh8 26. Qd1 h6 27. Nb3 Qc4 28. Nd2
Qc5 29. Nb3 Qc4 30. Nd2 Qc6 31. Nb3 Kh7 32. Nd4 Qd7 33. Qd2 Qe7 34. Bf2 Qf7 35.
fxe4 dxe4 36. Rf1 Qc7 37. Rac1 Qd7 38. Qd1 Bd5 39. Qd2 Rf8 40. Qd1 b5 41. axb5
axb5 42. b3 h5 43. Be1 Rxf1+ 44. Kxf1 Bxd4 45. cxd4 Bxb3 46. Qd2 Rc2 47. Rxc2
dxc2 48. Qc1 b4 49. Kf2 Qf7+ 50. Kg3 Qc7+ 51. Kf2 Qc4 52. Bd2 Qd3 53. Bxb4 Qd1
54. Bd2 h4 55. g4 Qf3+ 0-1

[Event "Bad Woerishofen Sen"]
[Site "Bad Woerishofen"]
[Date "2001.??.??"]
[Round "8"]
[White "Philipp, Guenther"]
[Black "Gebert, Herbert"]
[Result "1-0"]
[WhiteElo "1752"]
[BlackElo "1638"]
[Annotator "ChessOrg"]
[PlyCount "61"]
[EventDate "1998.03.05"]
[Source "ChessBase"]
[SourceDate "1998.04.29"]

1. d4 d5 2. Nf3 Nf6 3. Bg5 e6 4. e3 c5 5. c3 Nc6 6. Bd3 Be7 7. Nbd2 O-O 8. O-O
Bd7 9. Re1 cxd4 10. exd4 Rc8 11. Ne5 Nxe5 12. dxe5 Ne8 13. Qh5 g6 14. Bxe7 Qxe7
15. Qh6 Ng7 16. Nf3 f5 17. Nd4 Qc5 18. Re3 Rf7 19. Rh3 Ne8 20. f4 b5 21. Be2 b4
22. Rf1 bxc3 23. bxc3 Qa5 24. Rff3 Rg7 25. Rhg3 Kf7 26. h4 Nc7 27. Qg5 Ne8 28.
h5 Qd8 29. hxg6+ Rxg6 30. Qh5 Kg7 31. Rh3 1-0

[Event "Bad Woerishofen Sen"]
[Site "Bad Woerishofen"]
[Date "2001.??.??"]
[Round "2"]
[White "Potthammel, Joerg"]
[Black "Meyts, Jozef"]
[Result "1-0"]
[WhiteElo "2094"]
[BlackElo "1700"]
[Annotator "ChessOrg"]
[PlyCount "39"]
[EventDate "1998.03.05"]
[Source "ChessBase"]
[SourceDate "1998.04.29"]

1. e4 c5 2. Nf3 Nc6 3. d4 cxd4 4. Nxd4 g6 5. Nc3 a6 6. Be3 Nf6 7. Bc4 e6 8. Bb3
Bb4 9. f3 O-O 10. Qd2 Nh5 11. O-O-O Qa5 12. g4 Ng7 13. h4 Re8 14. h5 gxh5 15.
gxh5 Nxh5 16. Rdg1+ Kh8 17. Rg5 Bxc3 18. bxc3 Qa3+ 19. Kb1 Ng7 20. Qh2 1-0

[Event "Bad Woerishofen Sen"]
[Site "Bad Woerishofen"]
[Date "2001.??.??"]
[Round "4"]
[White "Potthammel, Joerg"]
[Black "Borger, Martin"]
[Result "1/2-1/2"]
[WhiteElo "2094"]
[BlackElo "1707"]
[Annotator "ChessOrg"]
[PlyCount "56"]
[EventDate "1998.03.05"]
[Source "ChessBase"]
[SourceDate "1998.04.29"]

1. e4 e5 2. Nf3 Nc6 3. d4 exd4 4. Nxd4 d6 5. Nc3 Nf6 6. Be2 Be7 7. Be3 Nxd4 8.
Bxd4 c6 9. O-O O-O 10. f4 d5 11. Bf3 dxe4 12. Nxe4 Nxe4 13. Bxe4 f5 14. Bf3 Bf6
15. Bc5 Re8 16. c3 Be6 17. Qc2 Qc7 18. Rad1 Rad8 19. g3 g6 20. Qf2 b6 21. Bd4
Bxd4 22. Rxd4 c5 23. Rxd8 Rxd8 24. b3 Bf7 25. c4 Rd4 26. Rd1 Rxd1+ 27. Bxd1 Qd6
28. Bf3 a5 1/2-1/2

[Event "Bad Woerishofen Sen"]
[Site "Bad Woerishofen"]
[Date "2001.??.??"]
[Round "6"]
[White "Potthammel, Joerg"]
[Black "Kahler, Kurt"]
[Result "1-0"]
[WhiteElo "2094"]
[BlackElo "1740"]
[Annotator "ChessOrg"]
[PlyCount "69"]
[EventDate "1998.03.05"]
[Source "ChessBase"]
[SourceDate "1998.04.29"]

1. e4 c5 2. Nf3 d6 3. d4 cxd4 4. Nxd4 Nf6 5. Nc3 g6 6. Bc4 Bg7 7. Bb3 Bd7 8. f3
Nc6 9. Be3 O-O 10. Qd2 Rc8 11. O-O-O Ne5 12. Kb1 Nc4 13. Bxc4 Rxc4 14. g4 Qc8
15. h4 h5 16. gxh5 Nxh5 17. Nd5 Re8 18. b3 Rc5 19. Bg5 Kf8 20. Bh6 Kg8 21. Bxg7
Kxg7 22. Rdg1 e6 23. Ne3 Qd8 24. Ng4 Rh8 25. f4 Nf6 26. Nf2 Rch5 27. Nf3 Bc6
28. Qc3 Qb6 29. Ng4 e5 30. Nxf6 Kxf6 31. fxe5+ dxe5 32. Rg5 Qc7 33. Nxe5 Rxg5
34. hxg5+ Kg7 35. Nd7+ 1-0

[Event "Bad Woerishofen Sen"]
[Site "Bad Woerishofen"]
[Date "2001.??.??"]
[Round "8"]
[White "Potthammel, Joerg"]
[Black "Zieroth, Gert"]
[Result "1-0"]
[WhiteElo "2094"]
[BlackElo "1740"]
[Annotator "ChessOrg"]
[PlyCount "43"]
[EventDate "1998.03.05"]
[Source "ChessBase"]
[SourceDate "1998.04.29"]

1. e4 e5 2. Nf3 d6 3. d4 exd4 4. Nxd4 g6 5. Nc3 Bg7 6. Bc4 Nf6 7. Bg5 O-O 8.
Qd2 Qe8 9. f3 a6 10. a4 c6 11. a5 d5 12. Bb3 dxe4 13. O-O exf3 14. Rxf3 Ne4 15.
Nxe4 Qxe4 16. c3 c5 17. Re1 Bxd4+ 18. Kh1 Bxc3 19. bxc3 Qc6 20. Rxf7 c4 21.
Rxf8+ Kxf8 22. Qd8+ 1-0

[Event "Bad Woerishofen Sen"]
[Site "Bad Woerishofen"]
[Date "2001.??.??"]
[Round "2"]
[White "Pukropski, Walter"]
[Black "Wulf, Adalbert"]
[Result "1/2-1/2"]
[WhiteElo "1700"]
[BlackElo "1787"]
[Annotator "ChessOrg"]
[PlyCount "138"]
[EventDate "1998.03.05"]
[Source "ChessBase"]
[SourceDate "1998.04.29"]

1. Nf3 Nf6 2. d4 d5 3. Bf4 e6 4. e3 Be7 5. h3 Nbd7 6. Bd3 c5 7. c3 O-O 8. Nbd2
b6 9. O-O Bb7 10. Re1 Re8 11. Ne5 c4 12. Bc2 b5 13. Qf3 a5 14. a4 Ba6 15. axb5
Bxb5 16. e4 a4 17. Nxd7 Nxd7 18. exd5 Qb6 19. dxe6 fxe6 20. d5 Nc5 21. dxe6 Bf6
22. Bf5 Rad8 23. Be3 Qd6 24. Rad1 Qe7 25. Qh5 g6 26. Qg4 Nd3 27. Bxd3 Rxd3 28.
Nxc4 Rxd1 29. Rxd1 Qxe6 30. Qxe6+ Rxe6 31. Nd6 Bc6 32. Nc4 Bb5 33. Na3 Bc6 34.
Rd2 h5 35. Nc2 Be8 36. Bd4 Bg5 37. Ne3 Bc6 38. Bc5 Re5 39. Ba7 Re6 40. Bc5 Re5
41. Bd4 Re6 42. c4 Kf7 43. Rd1 Re4 44. Kf1 Re6 45. Rd2 Re4 46. Ke2 Re6 47. f3
Bf4 48. Kd3 Re8 49. Re2 Rb8 50. Nd5 Bg5 51. Bc3 Rd8 52. Kd4 Bd7 53. Ba5 Rb8 54.
f4 Bf6+ 55. Nxf6 Kxf6 56. Kc5 Be6 57. Bc3+ Kf7 58. Re4 Rb3 59. Re3 a3 60. bxa3
Rxa3 61. Kb4 Ra2 62. Rg3 Bf5 63. c5 Be4 64. Kb5 Rxg2 65. Rxg2 Bxg2 66. h4 Ke8
67. c6 Kd8 68. Be5 Kc8 69. Kc5 Be4 1/2-1/2

[Event "Bad Woerishofen Sen"]
[Site "Bad Woerishofen"]
[Date "2001.??.??"]
[Round "4"]
[White "Pukropski, Walter"]
[Black "Duer, Maria"]
[Result "0-1"]
[WhiteElo "1700"]
[BlackElo "1855"]
[Annotator "ChessOrg"]
[PlyCount "110"]
[EventDate "1998.03.05"]
[Source "ChessBase"]
[SourceDate "1998.04.29"]

1. Nf3 d5 2. d4 Nf6 3. c4 c6 4. Bf4 e6 5. e3 Qa5+ 6. Nc3 Bb4 7. Qb3 Ne4 8. Rc1
O-O 9. Be2 Nd7 10. O-O Nxc3 11. bxc3 Be7 12. cxd5 exd5 13. c4 Nf6 14. cxd5 Nxd5
15. Bg3 Qb4 16. Qd3 g6 17. e4 Nb6 18. Rfd1 Bf6 19. Rb1 Qe7 20. Nd2 Be6 21. a3
Rfd8 22. Nf3 Bc4 23. Qe3 Bxe2 24. Qxe2 Rd7 25. Ne5 Bxe5 26. Bxe5 f6 27. Bg3
Qxa3 28. e5 Re8 29. Ra1 Qe7 30. Rxa7 fxe5 31. Bxe5 Rd5 32. Rb1 Ra8 33. Rxa8+
Nxa8 34. f4 b5 35. Qc2 Qd7 36. Rc1 c5 37. dxc5 Kf7 38. Qa2 Qc6 39. Rd1 Qxc5+
40. Kh1 Nb6 41. h3 Nc4 42. Rxd5 Qxd5 43. Qa7+ Ke6 44. Qa6+ Kf5 45. Qc8+ Ke4 46.
Bg7 Kd3 47. Qg4 Ne3 48. Qg3 Ke2 49. Qg5 Qxg5 50. fxg5 Kf1 51. g3 b4 52. Kh2 b3
53. g4 Kf2 54. Bd4 Kf3 55. Bf6 Nc4 0-1

[Event "Bad Woerishofen Sen"]
[Site "Bad Woerishofen"]
[Date "2001.??.??"]
[Round "5"]
[White "Pukropski, Walter"]
[Black "Scheidt, Eugen"]
[Result "1/2-1/2"]
[WhiteElo "1700"]
[BlackElo "1927"]
[Annotator "ChessOrg"]
[PlyCount "82"]
[EventDate "1998.03.05"]
[Source "ChessBase"]
[SourceDate "1998.04.29"]

1. Nf3 c5 2. e3 d5 3. d4 Nc6 4. Be2 Bf5 5. O-O e6 6. Nc3 Nf6 7. Ne5 Be7 8. Bd3
O-O 9. Bxf5 exf5 10. Nxc6 bxc6 11. Ne2 Qc7 12. h3 Rfe8 13. dxc5 Bxc5 14. Nd4 g6
15. b3 Bf8 16. Qd3 Bg7 17. Bb2 Ne4 18. Rad1 a6 19. c3 Red8 20. Qc2 Rac8 21. Qe2
c5 22. Nf3 Bxc3 23. Rc1 Bxb2 24. Qxb2 Qe7 25. Qe2 Qf6 26. Rc2 h6 27. Rfc1 Qe6
28. Qe1 Qb6 29. Ne5 Kg7 30. Nd3 Qb5 31. Nf4 g5 32. Ne2 Kg6 33. Nd4 Qb7 34. Nf3
f6 35. Nd2 Nxd2 36. Qxd2 Qb5 37. Qc3 h5 38. a4 Qb6 39. Qd3 g4 40. h4 Qd6 41. g3
Qb6 1/2-1/2

[Event "Bad Woerishofen Sen"]
[Site "Bad Woerishofen"]
[Date "2001.??.??"]
[Round "7"]
[White "Pukropski, Walter"]
[Black "Weber, Siegfried"]
[Result "1-0"]
[WhiteElo "1700"]
[BlackElo "1587"]
[Annotator "ChessOrg"]
[PlyCount "59"]
[EventDate "1998.03.05"]
[Source "ChessBase"]
[SourceDate "1998.04.29"]

1. Nf3 d6 2. d4 g6 3. e4 Bg7 4. Bf4 Nf6 5. Bd3 Nbd7 6. O-O c5 7. c3 Qc7 8. Qe2
O-O 9. Na3 a6 10. Nc4 b5 11. Ncd2 Nh5 12. Bg5 Re8 13. Qe3 c4 14. Bc2 e5 15. Bh6
Bb7 16. Bxg7 Kxg7 17. g3 Nhf6 18. Nh4 exd4 19. cxd4 Kh8 20. f4 Nxe4 21. Nxe4
Bxe4 22. Bxe4 d5 23. f5 Rxe4 24. Qh6 Qd6 25. fxg6 Rxh4 26. Qxh4 Qxg6 27. Rae1
f5 28. Re7 Nf6 29. Qf4 Ng4 30. Qxf5 1-0